|
|
|
|
| LEADER |
01968nam a22003738i 4500 |
| 001 |
34423 |
| 003 |
BD-DhAAL |
| 005 |
20211129110245.0 |
| 008 |
190327t2018 nyua b 001 0 eng d |
| 999 |
|
|
|c 40619
|d 40619
|
| 010 |
|
|
|a 2017016297
|
| 020 |
|
|
|a 9781138190689 (pbk)
|
| 020 |
|
|
|a 9781138190672 (hbk)
|
| 020 |
|
|
|z 9781315640914 (ebk)
|
| 040 |
|
|
|a DLC
|b eng
|e rda
|c DLC
|d BD-DhAAL
|
| 042 |
|
|
|a pcc
|
| 050 |
0 |
0 |
|a HF5415.1265
|b S658 2017
|
| 082 |
0 |
0 |
|a 658.8340285
|2 23
|
| 100 |
1 |
|
|a Sponder, Marshall
|9 30694
|
| 245 |
1 |
0 |
|a Digital analytics for marketing /
|c Marshall Sponder & Gohar F. Khan.
|
| 250 |
|
|
|a First Edition.
|
| 260 |
|
|
|a New York :
|b Routledge, Taylor & Francis Group,
|c c2018
|
| 263 |
|
|
|a 1709
|
| 300 |
|
|
|a xxv, 389 pages :
|b illustrations ;
|c 26 cm.
|
| 505 |
0 |
|
|a Preface -- The evolution of digital analytics and the internet -- Search engines & the internet -- Social media history -- Digital analytics industry players -- Basic web analytics and web intelligence -- Advanced web analytics and web intelligence -- Understanding and working with third-party data -- An introduction to social media analytics -- Leveraging social media content and analytics -- Advanced text analytics & algorithms -- Geolocation analytics -- Social media actions analytics -- Social media hyperlink analytics -- Network analysis and social network mapping -- Mobile analytics -- Aligning digital media with business strategy -- Applying digital analytics to a social network.
|
| 526 |
|
|
|a BBS
|
| 541 |
|
|
|a Parama
|e 34423
|
| 650 |
|
0 |
|a Internet marketing.
|9 30695
|
| 650 |
|
0 |
|a Social media.
|9 30696
|
| 650 |
|
0 |
|a Business & finance.
|9 43339
|
| 700 |
1 |
|
|a Khan, Gohar F.
|9 30697
|
| 852 |
|
|
|a Ayesha Abed Library
|c General Stacks
|
| 942 |
|
|
|2 ddc
|c BK
|
| 952 |
|
|
|0 0
|1 0
|2 ddc
|4 0
|6 658_834028500000000_SPO
|7 0
|9 65181
|a BRACUL
|b BRACUL
|c GEN
|d 2019-02-26
|e Parama
|g 2839.29
|l 5
|m 41
|o 658.8340285 SPO
|p 3010034423
|q 2026-05-20
|r 2026-04-13
|s 2026-04-13
|t 1
|v 2839.29
|w 2019-02-26
|y BK
|